[Event "Nizhnij Novgorod-ch HL"]
[Site "Nizhnij Novgorod"]
[Date "2009.11.14"]
[Round "?"]
[White "Ahundzhanov, Viacheslav"]
[Black "Gorozhanin, Mikhail"]
[Result "1-0"]
[WhiteElo "2184"]
[BlackElo "1899"]
[PlyCount "63"]
[EventDate "2009.11.14"]
[EventType "swiss"]
[EventRounds "9"]
[EventCountry "RUS"]
[SourceTitle "EXT 2022"]
[Source "ChessBase"]
[SourceDate "2021.10.06"]
[SourceVersion "1"]
[SourceVersionDate "2021.10.06"]
[SourceQuality "1"]

1. e4 c6 2. Nc3 d5 3. Nf3 Bg4 4. h3 Bxf3 5. Qxf3 Nf6 6. e5 Nfd7 7. d4 e6 8. Ne2 c5 9. c3 Nc6 10. a3 Qa5 11. Bd2 Qb6 12. Qd3 Qxb2 13. Rb1 Qxa3 14. Rxb7 c4 15. Qb1 Qa6 16. Rb2 Be7 17. Ra2 Qb6 18. Qa1 0-0 19. Ra6 Qb7 20. Nc1 Ndb8 21. Ra2 a6 22. Be2 Nd7 23. Bd1 Rfb8 24. Bc2 Nb6 25. 0-0 a5 26. f4 Ra6 27. f5 Bf8 28. fxe6 fxe6 29. Qb1 h6 30. Bg6 Nd8 31. Bh7+ Kh8 32. Rxf8# 1-0

[Event "Nizhnij Novgorod-ch HL"]
[Site "Nizhnij Novgorod"]
[Date "2009.11.14"]
[Round "?"]
[White "Ahundzhanov, Viacheslav"]
[Black "Markelova, Lubov"]
[Result "1/2-1/2"]
[WhiteElo "2184"]
[BlackElo "2018"]
[PlyCount "101"]
[EventDate "2009.11.14"]
[EventType "swiss"]
[EventRounds "9"]
[EventCountry "RUS"]
[SourceTitle "EXT 2022"]
[Source "ChessBase"]
[SourceDate "2021.10.06"]
[SourceVersion "1"]
[SourceVersionDate "2021.10.06"]
[SourceQuality "1"]

1. e4 c5 2. c3 e6 3. d4 cxd4 4. cxd4 d5 5. e5 Ne7 6. Bd3 Nf5 7. Nf3 Nc6 8. Bxf5 exf5 9. 0-0 Be6 10. Nc3 Be7 11. Re1 0-0 12. Ne2 Rc8 13. Bd2 Na5 14. Rc1 Nc4 15. Bc3 b5 16. b3 Na5 17. Qd2 Nc6 18. Nf4 Ba3 19. Bb2 Bb4 20. Bc3 Ba3 21. Rc2 Qe7 22. Nxe6 fxe6 23. Qe2 a6 24. Bb2 Bxb2 25. Rxb2 Qb4 26. Rd2 Rc7 27. Rc2 Rfc8 28. Rd1 a5 29. g3 a4 30. bxa4 bxa4 31. Rdc1 Qb6 32. Qd1 a3 33. Kg2 h6 34. h4 Kh7 35. Rb1 Qa6 36. Qc1 Qa7 37. Qe3 Qa4 38. Rbc1 Qa5 39. Rc3 Qb6 40. Rxa3 Na5 41. Rxc7 Rxc7 42. Qd3 Nc4 43. Rb3 Qa5 44. g4 g6 45. h5 Rg7 46. gxf5 gxf5+ 47. Kf1 Qxa2 48. Rb1 Na3 49. Rc1 Nc4 50. Rb1 Na3 51. Rc1 1/2-1/2

[Event "Nizhnij Novgorod-ch HL"]
[Site "Nizhnij Novgorod"]
[Date "2009.11.14"]
[Round "?"]
[White "Marsak, Viktor D"]
[Black "Ahundzhanov, Viacheslav"]
[Result "1/2-1/2"]
[WhiteElo "2014"]
[BlackElo "2184"]
[PlyCount "161"]
[EventDate "2009.11.14"]
[EventType "swiss"]
[EventRounds "9"]
[EventCountry "RUS"]
[SourceTitle "EXT 2022"]
[Source "ChessBase"]
[SourceDate "2021.10.06"]
[SourceVersion "1"]
[SourceVersionDate "2021.10.06"]
[SourceQuality "1"]

1. e4 e5 2. Nf3 Nc6 3. d4 exd4 4. Bc4 Nf6 5. Nxd4 d6 6. Nc3 Be7 7. h3 Bd7 8. Be3 a6 9. a4 Na5 10. Ba2 c5 11. Nf5 Bxf5 12. exf5 Nc6 13. 0-0 0-0 14. Nd5 b5 15. Nxf6+ Bxf6 16. Bd5 Rc8 17. c3 b4 18. Qd2 Qa5 19. Rfc1 bxc3 20. bxc3 Ne7 21. Be4 d5 22. Bd3 Rfd8 23. Bg5 Rc6 24. Bxf6 Rxf6 25. g4 Nc6 26. Qe2 c4 27. Bb1 Rh6 28. Kg2 Kf8 29. Qf3 Ne5 30. Qg3 d4 31. g5 Rhd6 32. Be4 d3 33. Ra3 Rb8 34. Re1 Rdb6 35. f6 gxf6 36. gxf6 Rxf6 37. Bxh7 Re8 38. Qg8+ Ke7 39. Qg5 Qc7 40. Re4 d2 41. Qxe5+ Qxe5 42. Rxe5+ Kd7 43. Rd5+ Rd6 44. Rxd6+ Kxd6 45. Bc2 Re1 46. a5 Rc1 47. Ba4 Kc5 48. h4 d1Q 49. Bxd1 Rxd1 50. Kg3 Rh1 51. Kg4 Rg1+ 52. Kf5 Rh1 53. Kg5 Rg1+ 54. Kf4 Rh1 55. Kg3 Kb5 56. f4 Rg1+ 57. Kf3 Rh1 58. Kg4 Rg1+ 59. Kf5 Rh1 60. Kg5 Rg1+ 61. Kf6 Rg4 62. f5 Rxh4 63. Kxf7 Rf4 64. f6 Rf3 65. Ke7 Re3+ 66. Kf8 Kc5 67. f7 Kc6 68. Ra4 Rxc3 69. Rb4 Kc7 70. Rb6 Rf3 71. Ke7 c3 72. Rb4 Re3+ 73. Kf8 Rf3 74. Rd4 Kc6 75. Ke7 Kb5 76. Rd5+ Kb4 77. Rd6 Rxf7+ 78. Kxf7 Kxa5 79. Ke6 Kb4 80. Rxa6 c2 81. Rc6 1/2-1/2